000 02068cam a22004574i 4500
003 PE-LiUPU
005 20250731173258.0
008 150616s1954 pe a rb 000 0 spa d
035 _a(Sirsi) a3596
040 _aPE-LiUPU
_bspa
_cPE-LiUPU
_dPE-LiUPU
_erda
049 _aPRUA
082 0 4 _a262.598521
_bV32
_221
100 1 _aVargas Ugarte, S. Rubén,
_eautor.
245 1 0 _aConcilios Limenses (1551 - 1772) :
_bhistoria /
_cS. Rubén Vargas Ugarte.
264 1 _aLima :
_bTipografía Peruana,
_c1954.
300 _a212 páginas :
_bilustraciones ;
_c25 centímetros
336 _atext
_2rdacontent
337 _aunmediated
_2rdamedia
338 _avolume
_2rdacarrier
504 _aNotas Bibliograficas.
505 0 _aPrimeros intentos de organización de la iglesia en el Perú -- Acuerdos Adoptados -- Promulgación del Concilio de Trento -- El segundo concilio limense: Acuerdos adoptados -- Tercer concilio limense -- La causa del obispo Lartaún -- Se apela de algunas disposiciones del Concilio -- IV Concilio provincial limense -- Aplaza Santo Toribio la celebración del Concilio -- Intentos para la celebración de un concilio -- Primera sesión pública del VI Concilio limense -- Publicación de los decretos conciliares -- Los concilios de Charcas.
526 _aSEG42
526 _aSEG41
526 _aSEG40
526 _aSEG39
526 _aP94
526 _aP87
526 _aP86
526 _aP85
526 _aP77
526 _aP76
526 _aP35
650 0 4 _aConcilio de Trento (Promulgación LIMENSE 1551 - 1772).
910 _ajck
_bjvq
_cjck
942 _2ddc
_cBOOK
949 _a262.598521 V32
_wDEWEY
_c1
_i21154
_lCCODEBUL1
_mBUL
_p00.00
_r0
_sY
_tBOOK
_u19930425
_xTEOLOGIA
_zUNKNOWN
_0COMPRA
_o.STAFF. Colección General
994 _aC0
_bPEPRU
596 _a1
999 _a262.598521 V32
_wDEWEY
_c43979
_i21154
_d43979
_f2021-11-12
_g5
_lCCODEBUL1
_mBUL
_p17.00
_q1
_r0
_sY
_tBOOK
_u2015-6-16
_xTEOLOGIA
_PP35
_0COMPRA
_o.STAFF. Colección Teología
980 _81
_gALBERTO SANCHEZ Responsable de Automatización